<?xml version="1.0" encoding="UTF-8"?>
<record
    xmlns:xsi="http://www.w3.org/2001/XMLSchema-instance"
    xsi:schemaLocation="http://www.loc.gov/MARC21/slim http://www.loc.gov/standards/marcxml/schema/MARC21slim.xsd"
    xmlns="http://www.loc.gov/MARC21/slim">

  <leader>00849nam a2200277 i 4500</leader>
  <controlfield tag="001">C2-0300312</controlfield>
  <controlfield tag="003">PPAK</controlfield>
  <controlfield tag="005">20180728081841.0</controlfield>
  <controlfield tag="008">091104s2009    my a|||| |||||  |   may d</controlfield>
  <datafield tag="020" ind1=" " ind2=" ">
    <subfield code="a">9789675226472</subfield>
  </datafield>
  <datafield tag="040" ind1=" " ind2=" ">
    <subfield code="a">PPAK</subfield>
    <subfield code="b">eng</subfield>
    <subfield code="c">PPAK</subfield>
    <subfield code="e">rda</subfield>
  </datafield>
  <datafield tag="082" ind1="0" ind2="4">
    <subfield code="a">658.872</subfield>
    <subfield code="2">23</subfield>
  </datafield>
  <datafield tag="090" ind1="0" ind2="0">
    <subfield code="a">658.872</subfield>
    <subfield code="b">ZAM</subfield>
    <subfield code="d">G</subfield>
  </datafield>
  <datafield tag="100" ind1="0" ind2=" ">
    <subfield code="a">Zamri Mohamad, </subfield>
    <subfield code="e">author</subfield>
  </datafield>
  <datafield tag="245" ind1="1" ind2="0">
    <subfield code="a">Buat duit dengan Youtube</subfield>
  </datafield>
  <datafield tag="264" ind1=" " ind2="1">
    <subfield code="a">Batu Caves, Selangor : </subfield>
    <subfield code="b">PTS Professional Publishing , </subfield>
    <subfield code="c">2009</subfield>
  </datafield>
  <datafield tag="300" ind1=" " ind2=" ">
    <subfield code="a">vi, 195 pages : </subfield>
    <subfield code="b">illustrations ; </subfield>
    <subfield code="c">19 cm</subfield>
  </datafield>
  <datafield tag="336" ind1=" " ind2=" ">
    <subfield code="2">rdacontent</subfield>
    <subfield code="a">text</subfield>
  </datafield>
  <datafield tag="337" ind1=" " ind2=" ">
    <subfield code="2">rdamedia</subfield>
    <subfield code="a">unmediated</subfield>
  </datafield>
  <datafield tag="338" ind1=" " ind2=" ">
    <subfield code="2">rdacarrier</subfield>
    <subfield code="a">volume</subfield>
  </datafield>
  <datafield tag="490" ind1="1" ind2=" ">
    <subfield code="a">Siri internet marketing</subfield>
  </datafield>
  <datafield tag="650" ind1="1" ind2="0">
    <subfield code="a">Internet marketing. ; Youtube (Electronic resource).</subfield>
  </datafield>
  <datafield tag="700" ind1="0" ind2=" ">
    <subfield code="a">Mohamad Bahruddin Bekri, </subfield>
    <subfield code="e">editor</subfield>
  </datafield>
  <datafield tag="830" ind1=" " ind2="0">
    <subfield code="a">Siri internet marketing</subfield>
  </datafield>
  <datafield tag="942" ind1=" " ind2=" ">
    <subfield code="d">dc</subfield>
    <subfield code="c">B</subfield>
  </datafield>
  <datafield tag="999" ind1=" " ind2=" ">
    <subfield code="c">104209</subfield>
    <subfield code="d">104209</subfield>
  </datafield>
  <datafield tag="952" ind1=" " ind2=" ">
    <subfield code="0">0</subfield>
    <subfield code="7">0</subfield>
    <subfield code="b">SP</subfield>
    <subfield code="c">G</subfield>
    <subfield code="d">2014-11-10</subfield>
    <subfield code="l">9</subfield>
    <subfield code="m">1</subfield>
    <subfield code="o">658.872 ZAM</subfield>
    <subfield code="p">A00871361</subfield>
    <subfield code="r">2024-06-04 13:11:00</subfield>
    <subfield code="s">2023-07-29</subfield>
    <subfield code="y">B</subfield>
  </datafield>
  <datafield tag="952" ind1=" " ind2=" ">
    <subfield code="0">0</subfield>
    <subfield code="7">0</subfield>
    <subfield code="b">KM</subfield>
    <subfield code="c">G</subfield>
    <subfield code="d">2014-11-10</subfield>
    <subfield code="l">14</subfield>
    <subfield code="m">8</subfield>
    <subfield code="o">658.872 ZAM</subfield>
    <subfield code="p">A00871364</subfield>
    <subfield code="r">2023-08-16 16:25:24</subfield>
    <subfield code="s">2023-07-25</subfield>
    <subfield code="y">B</subfield>
  </datafield>
  <datafield tag="952" ind1=" " ind2=" ">
    <subfield code="0">0</subfield>
    <subfield code="7">0</subfield>
    <subfield code="b">YN</subfield>
    <subfield code="c">G</subfield>
    <subfield code="d">2014-11-10</subfield>
    <subfield code="o">658.872 ZAM</subfield>
    <subfield code="p">A00871365</subfield>
    <subfield code="r">2018-05-09 00:00:00</subfield>
    <subfield code="y">B</subfield>
  </datafield>
  <datafield tag="952" ind1=" " ind2=" ">
    <subfield code="0">0</subfield>
    <subfield code="7">0</subfield>
    <subfield code="b">BL</subfield>
    <subfield code="c">G</subfield>
    <subfield code="d">2014-11-10</subfield>
    <subfield code="l">3</subfield>
    <subfield code="o">658.872 ZAM</subfield>
    <subfield code="p">A00871367</subfield>
    <subfield code="r">2021-04-24 00:00:00</subfield>
    <subfield code="s">2021-04-07</subfield>
    <subfield code="y">B</subfield>
  </datafield>
  <datafield tag="952" ind1=" " ind2=" ">
    <subfield code="0">0</subfield>
    <subfield code="7">0</subfield>
    <subfield code="b">BB</subfield>
    <subfield code="c">G</subfield>
    <subfield code="d">2014-11-10</subfield>
    <subfield code="l">3</subfield>
    <subfield code="m">1</subfield>
    <subfield code="o">658.872 ZAM</subfield>
    <subfield code="p">A00871368</subfield>
    <subfield code="r">2020-07-20 00:00:00</subfield>
    <subfield code="s">2020-07-06</subfield>
    <subfield code="y">B</subfield>
  </datafield>
  <datafield tag="952" ind1=" " ind2=" ">
    <subfield code="0">0</subfield>
    <subfield code="7">0</subfield>
    <subfield code="b">PD26</subfield>
    <subfield code="c">G</subfield>
    <subfield code="d">2014-11-10</subfield>
    <subfield code="o">658.872 ZAM</subfield>
    <subfield code="p">A00871370</subfield>
    <subfield code="r">2018-05-09 00:00:00</subfield>
    <subfield code="y">B</subfield>
  </datafield>
  <datafield tag="952" ind1=" " ind2=" ">
    <subfield code="0">0</subfield>
    <subfield code="7">0</subfield>
    <subfield code="b">MR</subfield>
    <subfield code="c">G</subfield>
    <subfield code="d">2014-11-10</subfield>
    <subfield code="l">1</subfield>
    <subfield code="m">1</subfield>
    <subfield code="o">658.872 ZAM</subfield>
    <subfield code="p">A00871371</subfield>
    <subfield code="r">2019-12-29 00:00:00</subfield>
    <subfield code="s">2019-11-16</subfield>
    <subfield code="y">B</subfield>
  </datafield>
  <datafield tag="952" ind1=" " ind2=" ">
    <subfield code="0">0</subfield>
    <subfield code="7">0</subfield>
    <subfield code="b">PPAK</subfield>
    <subfield code="c">G</subfield>
    <subfield code="d">2009-11-08</subfield>
    <subfield code="l">5</subfield>
    <subfield code="o">658.872 ZAM</subfield>
    <subfield code="p">A01317642</subfield>
    <subfield code="r">2025-10-09 11:51:52</subfield>
    <subfield code="s">2025-09-21</subfield>
    <subfield code="y">B</subfield>
  </datafield>
</record>
